Jubileum významného slavistu prípravy osláv 200. výročia narodenia P. J. Šafárika

Podrobná bibliografia
Médium: Článok
Jazyk:slovenčina
Predmet:

MARC

LEADER 00000nab a2200000 a 4500
001 vtls001011909
003 SK-MaSNL
005 20260303041901.0
008 040720e19950510xo 0 slo
035 |a RV12509 
040 |a RVGKPD  |b slo  |c RVGKPD  |e AACR2 
041 0 |a slo 
044 |a xo  |c SK 
080 |a 885.4  |2 1981 
245 0 0 |a Jubileum významného slavistu  |b prípravy osláv 200. výročia narodenia P. J. Šafárika 
500 |a (rodisko) 
590 |a Šafárik, Pavol Jozef, 1795-1861  |b Jazykovedec, spisovateľ, historik. 13.5.1795 Kobeliarovo-26.6.1861 
600 1 7 |a Šafárik, Pavol Jozef,  |d 1795-1861   |2 RVGKPD  |9 85839 
650 0 7 |a výročie narodenia 200.  |2 RVGKPD  |9 1024438 
651 7 |a Kobeliarovo (Slovensko)  |2 RVGKPD  |9 56885 
655 7 |a periodikum  |2 snkbucl  |9 29553 
773 0 8 |t Slovenská republika  |g Roč. 2, č.107, 10.5.1995, s. 4 
852 |a ZVYKNI  |b KIS3GCP 
999 |c 1689509  |d 1691439